| 000 | 00657nam a2200193 a 4500 | ||
|---|---|---|---|
| 005 | 20240920063857.0 | ||
| 008 | 991125s1982 ea 000 0 eng u | ||
| 020 | _a0902031775 | ||
| 035 | _aUPN01000002859 | ||
| 049 | _aCG | ||
| 050 | 4 |
_aLC5215 _bL3.3 |
|
| 100 | 1 | _aLawson, K. H. | |
| 245 | 1 | 0 |
_aAnalysis and ideology : _bconceptual essays on the education of adults / _cK. H. Lawson. |
| 260 |
_aNottingham [Ing.] : _bUniversity of Nottingham, Department of Adult Education, _c1982. |
||
| 300 | _a100 p. | ||
| 440 | 0 |
_aNottingham studies in the theory and practice of the education of adults ; _v9 |
|
| 650 | 4 |
_aEducación de adultos _9956 |
|
| 905 | _aLibro | ||
| 999 |
_c2859 _d2859 |
||